| 000 | 00931cam a2200277 a 4500 | ||
|---|---|---|---|
| 005 | 20260322212041.0 | ||
| 008 | data | ||
| 010 | _a 86082099 | ||
| 040 |
_aDLC _cDLC _dDLC |
||
| 043 | _an-us-az | ||
| 050 | 0 | 0 |
_aF811 _b.A85 1987 |
| 082 | 0 | 0 |
_a979.1/04 _219 |
| 092 | _a979.1 A85 1987 | ||
| 245 | 0 | 0 |
_aArizona highways album : _bthe road to statehood / _cedited by Dean Smith, J. Peter Mortimer & Arizona. |
| 260 |
_a[Phoenix, Ariz. (2039 W. Lewis Ave., Phoenix 85009) : _bArizona Dept. of Transportation, _cc1987] |
||
| 300 |
_a176 p. : _bill., map, ports. ; _c33 cm. |
||
| 500 | _a"Arizona highways book"--Prelim. | ||
| 500 | _aIncludes index. | ||
| 651 | 0 |
_aArizona _xHistory _yTo 1912. |
|
| 651 | 0 |
_aArizona _xPictorial works. |
|
| 651 | 0 |
_aArizona _xPictorial works. _yTo 1912 _xPictorial works. |
|
| 700 | 1 |
_aSmith, Dean, _d1923- |
|
| 700 | 1 | _aMortimer, J. Peter. | |
| 710 | 2 |
_aArizona. _bDept. of Transportation. |
|
| 001 | data | ||
| 999 |
_c952 _d952 |
||